| 000 | 00608nam a2200205 a 4500 | ||
|---|---|---|---|
| 001 | 000026803 | ||
| 005 | 20240530073919.0 | ||
| 008 | 110325s1981 dr 000 f spa d | ||
| 040 |
_aDO-SdBNP _bspa _cBNPHU |
||
| 082 |
_aRD863.42 _bM358o, 1981 |
||
| 100 | 1 |
_aMarrero Aristy, Ramón, _d1913-1959 _922324 |
|
| 245 | 1 | 0 |
_aOver : _bnovela / _cRamón Marrero Aristy. |
| 250 | _a11a ed. | ||
| 260 |
_aSanto Domingo : _bTaller, _c1981. |
||
| 300 |
_a224 p. ; _c21 cm. |
||
| 650 | 0 |
_aNovela dominicana _9223 |
|
| 650 | 0 |
_aLiteratura dominicana. _967 |
|
| 910 | _aValidado. Control de calidad BNPHU | ||
| 049 | _aBNPD | ||
| 999 |
_c26295 _d26295 |
||